Prof. G Ram Reddy Library

Introduction to copulas (Record no. 114047)

MARC details
000 -LEADER
fixed length control field 00599nam a2200217Ia 4500
003 - CONTROL NUMBER IDENTIFIER
control field LDD
008 - FIXED-LENGTH DATA ELEMENTS--GENERAL INFORMATION
fixed length control field 181029s9999 xx 000 0 und d
020 ## - INTERNATIONAL STANDARD BOOK NUMBER
International Standard Book Number 9782441921093
Terms of availability E64.99
040 ## - CATALOGING SOURCE
Transcribing agency LDD
100 ## - MAIN ENTRY--PERSONAL NAME
Personal name Nelsen, Roger B.
245 #0 - TITLE STATEMENT
Title Introduction to copulas
Statement of responsibility, etc. Roger B. Nelsen
250 ## - EDITION STATEMENT
Edition statement 2nd ed
260 ## - PUBLICATION, DISTRIBUTION, ETC.
Place of publication, distribution, etc. New York
Name of publisher, distributor, etc. Springer
Date of publication, distribution, etc. 2006
300 ## - PHYSICAL DESCRIPTION
Extent xiii,269;i
365 ## - TRADE PRICE
Price amount E 64.99
440 ## - SERIES STATEMENT/ADDED ENTRY--TITLE
Title Springer series in statistics
901 ## - LOCAL DATA ELEMENT A, LDA (RLIN)
a 12444
b 18-08-2015
902 ## - LOCAL DATA ELEMENT B, LDB (RLIN)
a 6100/2015-16
b 18-09-2015
c F
d PUJA
e 51
903 ## - LOCAL DATA ELEMENT C, LDC (RLIN)
a Discount-20
b Reqst by : P. Sinclair
942 ## - ADDED ENTRY ELEMENTS (KOHA)
Source of classification or shelving scheme Dewey Decimal Classification
Koha item type Books
Holdings
Withdrawn status Lost status Source of classification or shelving scheme Damaged status Not for loan Home library Current library Total Checkouts Full call number Barcode Date last seen Cost, replacement price Price effective from Koha item type
No   Dewey Decimal Classification     Library and Documentation Division Library and Documentation Division   519.535 N33I 097382 11/01/2018 4882.04 11/01/2018 Books

© Prof. G Ram Reddy Centre Library, Indira Gandhi National Open University, Maidan Garhi, New Delhi, 110068
+91-011-29532797 | FAX+91-011-29533393 |